| 000 | 00471nam a2200157Ia 4500 | ||
|---|---|---|---|
| 008 | 230917s9999||||xx |||||||||||||| ||und|| | ||
| 020 | _cRS160 | ||
| 040 |
_e169668 _aMAIN |
||
| 041 | _aEnglish | ||
| 082 | _a891.432751 BV322A | ||
| 100 | _aदीक्षित विश्वप्रकाश | ||
| 245 | 0 | _aअपनी डाली के कांटे | |
| 260 |
_aगाजियाबाद _bअनुभव _c1997 |
||
| 300 | _a252 पृ. p. | ||
| 942 | _cHN | ||
| 999 |
_c96625 _d96625 |
||